Alle Alben - Bushido - Statistiken

Allgemein
  • Dieses Quiz wurde 182 mal gespielt
    41 seit der letzten Aktualisierung
  • Das Durchschnittsergebnis liegt bei 14 aus 24
Antwortstatistiken
Jahr Album % Korrekt
2002 Carlo Cokxxx Nutten
92%
2009 Carlo Cokxxx Nutten 2
92%
2015 Carlo Cokxxx Nutten 3
92%
2019 Carlo Cokxxx Nutten 4
85%
2014 Sonny Black
81%
2003 Vom Bordstein bis zur Skyline
77%
2007 7
73%
2006 Von der Skyline zum Bordstein zurück
73%
2015 Cla$$ic
69%
2004 Electro Ghetto
65%
2021 Sonny Black II
65%
2017 Black Friday
58%
2008 Heavy Metal Payback
58%
2010 Zeiten ändern dich
58%
2001 King of Kingz
50%
2011 23
46%
2012 AMYF
42%
2011 Jenseits von Gut und Böse
42%
2024 König für immer
42%
2018 Mythos
42%
2005 Staatsfeind Nr. 1
42%
1999 Demotape
38%
2010 Berlins Most Wanted
31%
2005 Carlo Cokxxx Nutten II
31%
Keine übereinstimmenden Quizze gefunden
Verteilung der Resultate
Anzahl Personen mit jedem Resultat
Perzentil nach korrekt beantworteten Fragen
Ihre Resultats-Entwicklung
Sie haben dieses Quiz seit der letzten Aktualisierung nicht gespielt